Možnosti využitia biblioterapie v práci s požívateľmi knižnice

Bibliographic Details
Main Author: Kráľová, Darina (Author)
Format: Article
Language:Slovak
PhysicalDescription:Fotogr.
ISSN:1335-7905
Subjects:

MARC

LEADER 00000cab a2200000 a 4500
001 vtls010472362
003 SK-MaSNL
005 20260304183929.0
008 250708|2012 xo ||||||| ||00 0|slo
015 |a SNBRB2012 
035 |a (sysno)vtls010472362 
035 |a urn:nbn:sk:snk-ab725j 
035 |a (uuid)a5657eec-cd0d-44d6-be55-60a105452bbc 
035 |a (urnnbn)urn:nbn:sk:snk:ar-a06oas 
038 |a TTKJF 
040 |a SNKBUCL  |b slo  |c SNKBUCL  |e AACR2 
041 0 |a slo 
044 |a xo  |c SK 
080 |a 027.53  |x (437.6)  |2 2001 
080 |a 615.851:028  |x (437.6)  |2 2001 
080 |a 061.3  |x (437.6)  |2 2001 
100 1 |a Kráľová, Darina  |4 aut  |9 268499 
245 1 0 |a Možnosti využitia biblioterapie v práci s požívateľmi knižnice  |c Darina Kráľová 
300 |b Fotogr. 
610 2 7 |a Knižnica Juraja Fándlyho v Trnave  |2 ttkjf  |9 81383 
610 2 7 |a Trnavská univerzita v Trnave  |2 ttkjf  |9 32716 
650 0 7 |a používatelia knižníc  |2 ttkjf  |9 899937 
650 0 7 |a biblioterapia  |2 ttkjf  |9 29966 
650 0 7 |a semináre  |2 ttkjf  |9 18562 
650 0 7 |a workshopy  |2 ttkjf  |9 26475 
651 7 |a Trnava (Slovensko)  |2 ttkjf  |9 19407 
773 0 |t Bulletin Slovenskej asociácie knižníc  |g Roč. 20, č. 3 (2012), s. 42-44  |x 1335-7905 
850 |a Slovenská národná knižnica 
852 |a Slovenská národná knižnica 
954 |a odborná, vedecká literatúra pôvodná (slovenská)  |2 lita 
958 |a article2022 
958 |a OND 
958 |a EUIPO 
999 |c 3036220  |d 3038150